Ace Attorney - Détectives - Statistiques

Statistiques générales
  • Ce quiz a été pris 120 fois
    53 depuis la dernière actualisation
  • Le résultat moyen est 10 sur 20
Statistiques - réponses
Première Apparition (Jeu) Première Apparition (Affaire) Détective % Correct
Phoenix Wright: Ace Attorney La volte-face des soeurs (Épisode 2) Dick Tektiv
100%
Phoenix Wright: Ace Attorney Phoenix renaît de ses cendres (Épisode 5) Alex Marshall
93%
Phoenix Wright: Ace Attorney Phoenix renaît de ses cendres (Épisode 5) Ema Skye
88%
Phoenix Wright: Ace Attorney Phoenix renaît de ses cendres (Épisode 5) Damien Gant
75%
Phoenix Wright: Ace Attorney Phoenix renaît de ses cendres (Épisode 5) Angélique Starr
75%
Phoenix Wright: Ace Attorney Phoenix renaît de ses cendres (Épisode 5) Lana Skye
73%
Phoenix Wright: Ace Attorney - Dual Destinies La volte-face monstrueuse (Épisode 2) Justin Brillant
70%
Phoenix Wright: Ace Attorney - Trials and Tribulations La volte-face volée (Épisode 2) Matt Moissat
68%
Phoenix Wright: Ace Attorney - Trials and Tribulations La volte-face initiale (Épisode 4) Valérie Plantule
58%
Phoenix Wright: Ace Attorney Phoenix renaît de ses cendres (Épisode 5) Eric Lebon
58%
Apollo Justice: Ace Attorney Volte-face et Sérénade (Épisode 3) Daryan Crescend
48%
Ace Attorney Investigations: Miles Edgeworth Volte-face et réminiscences (Épisode 4) Gontran Baud
40%
The Great Ace Attorney: Adventures The Adventure of the Unbreakable Speckle Band (Épisode 2) Herlock Sholmes
40%
Ace Attorney Investigations 2: Prosecutor's Gambit Volte-face et consécration (Épisode 5) - Incident SS-5 Da-Long Lang
30%
Ace Attorney Investigations: Miles Edgeworth Volte-face et intrusion (Épisode 1) Jérémie Loyal
25%
Phoenix Wright: Ace Attorney - Dual Destinies Volte-face à rebours (Épisode 1) Elsa Coffré
23%
The Great Ace Attorney: Adventures The Adventure of the Runaway Room (Épisode 3) Tobias Gregson
23%
The Great Ace Attorney: Adventures The Adventure of the Runaway Room (Épisode 3) Gina Lestrade
20%
The Great Ace Attorney: Adventures The Adventure of the Great Departure (Épisode 1) Satoru Hosonaga
18%
The Great Ace Attorney 2: Resolve The Return of the Great Departed Soul (Épisode 3) Genshin Asogi
5%
Aucun quiz correspondant
Distribution des résultats
% des personnes avec chaque résultat
Percentile par nombre de réponses
Votre historique - résultats
Vous n’avez pas pris ce quiz depuis la dernière actualisation